[Event "IND-ch Challengers 53rd"]
[Site "Nagpur"]
[Date "2015.08.26"]
[Round "12"]
[White "Roy Chowdhury, Saptarshi"]
[Black "Karthik, V."]
[Result "1/2-1/2"]
[WhiteElo "2373"]
[BlackElo "2256"]
[PlyCount "66"]
[EventDate "2015.08.17"]
[EventType "swiss"]
[EventRounds "13"]
[EventCountry "IND"]
[SourceTitle "EXT 2016"]
[Source "ChessBase"]
[SourceDate "2015.10.08"]
[SourceVersion "1"]
[SourceVersionDate "2015.10.08"]
[SourceQuality "1"]

1. e4 b6 2. d4 Bb7 3. Bd3 e6 4. Nf3 d5 5. e5 c5 6. c3 Ne7 7. b4 Qd7 8. bxc5 bxc5 9. Nbd2 Nec6 10. Ba3 Qc7 11. 0-0 Be7 12. Rb1 Nd7 13. Re1 0-0 14. c4 dxc4 15. Nxc4 Nb4 16. dxc5 Nxd3 17. Qxd3 Ba6 18. Rbc1 Rfd8 19. Qc2 Bxc5 20. Ng5 Nf8 21. Bxc5 Qxc5 22. Nxf7 Rd4 23. Ncd6 Qxc2 24. Rxc2 h6 25. h3 Nd7 26. Re3 Rd3 27. Re1 Nb6 28. h4 Nd5 29. Rc6 Ra3 30. Rd1 Bd3 31. Rdc1 Ba6 32. Rd1 Bd3 33. Rdc1 Ba6 1/2-1/2

[Event "IND-ch U15 39th"]
[Site "Kolkata"]
[Date "2013.08.09"]
[Round "5"]
[White "Karthik, V."]
[Black "Karthikeyan, Murali"]
[Result "0-1"]
[WhiteElo "2127"]
[BlackElo "2443"]
[PlyCount "88"]
[EventDate "2013.08.06"]
[EventType "swiss"]
[EventRounds "11"]
[EventCountry "IND"]
[SourceTitle "CBM 155 Extra"]
[Source "ChessBase"]
[SourceDate "2013.08.26"]
[SourceVersion "1"]
[SourceVersionDate "2013.08.26"]
[SourceQuality "1"]

1. Nf3 e6 2. c4 d5 3. g3 Nf6 4. Bg2 Be7 5. 0-0 0-0 6. d4 dxc4 7. Qc2 a6 8. Qxc4 b5 9. Qc2 Bb7 10. Bd2 Be4 11. Qc1 Nbd7 12. Ba5 Rc8 13. Nbd2 Ba8 14. a3 Qe8 15. b4 Bd6 16. Re1 e5 17. e4 Qe7 18. Bh3 exd4 19. e5 Bxe5 20. Nxe5 Nxe5 21. Bxc8 Rxc8 22. Qc2 Qe6 23. f3 Qd5 24. Qf5 Nxf3+ 25. Qxf3 Qxf3 26. Nxf3 Bxf3 27. Kf2 Be4 28. Rac1 c6 29. Rcd1 d3 30. Bb6 Ng4+ 31. Kg1 f5 32. Bd4 Rd8 33. Bc3 Kf7 34. h3 Nf6 35. Bxf6 Kxf6 36. Rd2 Ke5 37. Rc1 Kd4 38. Kf2 Ra8 39. a4 g5 40. a5 h5 41. Rdd1 Rf8 42. Rc5 g4 43. h4 Bd5 44. Re1 f4 0-1

[Event "Mumbai Mayors Cup 6th"]
[Site "Mumbai"]
[Date "2013.05.30"]
[Round "3"]
[White "Neelotpal, Das"]
[Black "Karthik, V."]
[Result "1-0"]
[WhiteElo "2461"]
[BlackElo "2130"]
[PlyCount "57"]
[EventDate "2013.05.29"]
[EventType "swiss"]
[EventRounds "11"]
[EventCountry "IND"]
[SourceTitle "CBM 154 Extra"]
[Source "ChessBase"]
[SourceDate "2013.06.25"]
[SourceVersion "2"]
[SourceVersionDate "2013.06.25"]
[SourceQuality "1"]

1. e4 c5 2. Nf3 e6 3. d4 cxd4 4. Nxd4 Nf6 5. Nc3 d6 6. Be2 Be7 7. 0-0 0-0 8. f4 Nc6 9. Be3 a6 10. Kh1 Qc7 11. Qe1 Nxd4 12. Bxd4 e5 13. fxe5 dxe5 14. Qg3 Nd7 15. Nd5 Qd6 16. Bc3 Bd8 17. Bb4 Nc5 18. Rad1 Qc6 19. Qxe5 Re8 20. Qh5 g6 21. Qh6 Nxe4 22. Rxf7 Kxf7 23. Qxh7+ Ke6 24. Qxg6+ Ke5 25. Qg7+ Bf6 26. Nxf6 Nf2+ 27. Kg1 Nh3+ 28. gxh3 Qb6+ 29. Kh1 1-0

[Event "IND-chT 33rd"]
[Site "Hyderabad"]
[Date "2013.02.22"]
[Round "3.4"]
[White "Akshat, Khamparia"]
[Black "Karthik, V."]
[Result "1-0"]
[WhiteElo "2383"]
[BlackElo "2084"]
[PlyCount "109"]
[EventDate "2013.02.20"]
[EventType "team-swiss"]
[EventRounds "9"]
[EventCountry "IND"]
[SourceTitle "CBM 153 Extra"]
[Source "ChessBase"]
[SourceDate "2013.04.22"]
[SourceVersion "1"]
[SourceVersionDate "2013.04.22"]
[SourceQuality "1"]
[WhiteTeam "Indian Railways II"]
[BlackTeam "Cyber CA"]
[WhiteTeamCountry "IND"]
[BlackTeamCountry "IND"]

1. d4 Nf6 2. Bg5 Ne4 3. Bf4 c5 4. f3 Qa5+ 5. c3 Nf6 6. d5 d6 7. e4 e5 8. Be3 Be7 9. Nd2 Nbd7 10. Bd3 Nf8 11. Ne2 Ng6 12. 0-0 h5 13. b4 cxb4 14. cxb4 Qd8 15. Rc1 h4 16. Qa4+ Bd7 17. Qa5 Nh5 18. Qc7 Nhf4 19. Nxf4 Nxf4 20. Bxf4 exf4 21. Qxb7 Rb8 22. Qxa7 h3 23. Nb3 Ra8 24. Qc7 Rxa2 25. Rf2 Rxf2 26. Qxd8+ Bxd8 27. Kxf2 Bb6+ 28. Kf1 Rh5 29. g4 fxg3 30. hxg3 h2 31. Kg2 Bh3+ 32. Kh1 Be3 33. Ra1 Bg1 34. Rxg1 hxg1Q+ 35. Kxg1 Bd7 36. Nd4 Kd8 37. Bb5 Bc8 38. Bc6 Rh6 39. b5 Kc7 40. Be8 Kb6 41. Bxf7 Kc5 42. Ne6+ Kb6 43. Kg2 Rf6 44. Bg8 Kxb5 45. g4 g5 46. Nxg5 Bxg4 47. fxg4 Rg6 48. Be6 Rxg5 49. Kg3 Rg7 50. Kf4 Kc5 51. Kf5 Kd4 52. g5 Rh7 53. g6 Rh1 54. g7 Rf1+ 55. Kg5 1-0